Newnes dictionary of electronics /

Bewaard in:
Bibliografische gegevens
Hoofdauteur: Dummer, G. W. A.
Formaat: Boek
Taal:English
Gepubliceerd in: Oxford : Newnes, 1999.
Editie:4th ed.
Onderwerpen:
Tags: Voeg label toe
Geen labels, Wees de eerste die dit record labelt!
Thư viện lưu trữ: Mạng thư viện Đại học Đà Nẵng
LEADER 00848cam a2200325 i 4500
001 000047102
003 6638
005 20030314104309.0
008 010322|1999 vm 000 eng
020 |a 0750643315 
040 |a IRC  |c IRC  |d IRC 
041 0 |a eng 
082 1 4 |a 621.38103  |b DU-G 
100 1 |a Dummer, G. W. A.  |q (Geoffrey William Arnold) 
245 0 0 |a Newnes dictionary of electronics /  |c G. W. A. (Geoffrey William Arnold) Dummer. 
250 |a 4th ed. 
260 |a Oxford :  |b Newnes,  |c 1999. 
300 |a 400p. :  |b ill. 
630 0 4 |a Electronics. 
650 0 4 |a Electronics  |v Dictionaries. 
OWN |a DUT 
999 |a From the UDN01 
TYP |a Monograph 
TYP |a Printed language 
980 |a Mạng thư viện Đại học Đà Nẵng